|
|
|
|
| LEADER |
00000nam0a2200000 4500 |
| 001 |
221445 |
| 005 |
20231101230411.0 |
| 010 |
|
|
|a 5110018561
|
| 035 |
|
|
|a (RuTPU)RU\TPU\book\241599
|
| 035 |
|
|
|a RU\TPU\book\42534
|
| 090 |
|
|
|a 221445
|
| 100 |
|
|
|a 20020619d1990 m y0rusy50 ca
|
| 101 |
0 |
|
|a rus
|
| 102 |
|
|
|a UA
|
| 105 |
|
|
|a a j 001zy
|
| 200 |
1 |
|
|a Теоретическая механика. Динамика
|e учебник
|f М. А. Павловский, Л. Ю. Акинфиева, О. Ф. Бойчук
|g под ред. М. А. Павловского
|
| 210 |
|
|
|a Киев
|c Выща школа
|d 1990
|
| 215 |
|
|
|a 480 с.
|c ил.
|
| 320 |
|
|
|a Библиогр.: с. 471-472.
|
| 320 |
|
|
|a Предм. указ.: с. 473-476.
|
| 606 |
1 |
|
|a Динамика
|2 stltpush
|3 (RuTPU)RU\TPU\subj\69927
|9 84564
|
| 610 |
1 |
|
|a физика
|
| 610 |
1 |
|
|a теоретическая механика
|
| 610 |
1 |
|
|a твердые тела
|
| 610 |
1 |
|
|a задачи
|
| 610 |
1 |
|
|a решения
|
| 610 |
1 |
|
|a фермы
|
| 610 |
1 |
|
|a центр тяжести
|
| 610 |
1 |
|
|a кинематика
|
| 610 |
1 |
|
|a движение
|
| 610 |
1 |
|
|a теория
|
| 610 |
1 |
|
|a колебания
|
| 610 |
1 |
|
|a учебники
|
| 675 |
|
|
|a 531.3(075.8)
|v 3
|
| 700 |
|
1 |
|a Павловский
|b М. А.
|g Михаил Антонович
|
| 701 |
|
1 |
|a Акинфиева
|b Л. Ю.
|g Людмила Юрьевна
|
| 701 |
|
1 |
|a Бойчук
|b О. Ф.
|g Остап Филиппович
|
| 702 |
|
1 |
|a Павловский
|b М. А.
|g Михаил Антонович
|4 340
|
| 801 |
|
1 |
|a RU
|b 63413507
|c 20120911
|
| 801 |
|
2 |
|a RU
|b 63413507
|c 20170630
|g RCR
|
| 942 |
|
|
|c BK
|